| 000 | 01085nam a22003137a 4500 | ||
|---|---|---|---|
| 001 | 7222 | ||
| 003 | FISKH | ||
| 005 | 20250703091535.0 | ||
| 008 | 250703b cb ||||| |||| 00| 0 eng d | ||
| 020 | _a043929147x | ||
| 040 |
_aFISKH _beng _cFISKH _dFISKH |
||
| 050 | _aPZ7.D39145 P | ||
| 082 | _a 813.54 | ||
| 100 |
_aDemas, Corinne _d(1947-) |
||
| 245 |
_aThe perfect pony / _cBy Corinne Demas ; Illustrated by Jacqueline Rogers |
||
| 250 | _aThis edition first published in 2001 | ||
| 260 |
_aNew York : _bScholastic, _c2000 |
||
| 300 |
_a47 pages : _bcolor illustrations ; _c23 cm |
||
| 490 |
_aStep into reading _vGrades 2-3 |
||
| 505 | _aG | ||
| 520 | _aJamie is excited when she answers an ad for a free pony and finds McIntosh, the perfect pony for her, but he may have already been claimed by someone else. | ||
| 521 | 8 |
_a310
_bLexile |
|
| 521 | 8 |
_aG
_bRaz-Plus |
|
| 650 |
_2Horse _aLittle visits with God |
||
| 650 |
_2First Reader Books _aGrowing Up & Facts of Life |
||
| 700 |
_aRogers, Jacqueline _dillustrator |
||
| 942 |
_2ddc _cBK _n0 |
||
| 999 |
_c7222 _d7222 |
||